| 000 | 00863nam a2200265 4500 | ||
|---|---|---|---|
| 003 | OSt | ||
| 005 | 20260601193848.0 | ||
| 008 | 260420b2005 NYUa|||| |||| 00| 0 eng d | ||
| 020 | _a0714843644 (rústica) | ||
| 040 |
_aICI _bspa _cICI |
||
| 050 |
_aN6490 _bA78 2005 |
||
| 100 | 1 |
_aWilliams, Nancy, _931758 |
|
| 245 | 1 |
_aMore paperwork : _bexploring the potential of paper in design and architecture / _cwritten and designed by Nancy Williams |
|
| 264 |
_bPhaidon, _c2005 _aLondon : |
||
| 300 |
_a176 páginas _bilustraciones a color |
||
| 336 |
_atexto _2rdacontent |
||
| 337 |
_asin medio _2rdamedia |
||
| 338 |
_avolumen _2rdacarrier |
||
| 500 | _aContinuación de: Paperwork : the potential of paper in graphic design | ||
| 650 |
_aPapel _97476 |
||
| 650 |
_aTrabajo en papel _931759 |
||
| 650 | _aDiseño | ||
| 650 | _aArtes gráficas | ||
| 942 |
_2lcc _cB |
||
| 999 |
_c21723 _d21723 |
||